000 00554nam a22001937a 4500
003 0
005 20231120130529.0
008 231120b xxu||||| |||| 00| 0 eng d
020 _a978-621-478-020-4
050 _aG 155
_b.An54 2023
100 _aAngeles, Marie V.
245 _aGlobal culture and tourism geography
_c Marie V. Angeles
260 _aManila
_bEDRIC Publishing House
_cc2023.
300 _a81 pages ;
_c25 cm.
504 _aIncludes bibliographical references.
650 _aCivilization.
650 _aCulture.
942 _2lcc
_cBK
999 _c365654
_d365654